|
|
|
|
| LEADER |
00000ntm a22000007a 4500 |
| 001 |
73609 |
| 003 |
CZ-ZlUTB |
| 005 |
20240830155944.0 |
| 007 |
ta |
| 008 |
140929s2013 xr a f m 000 0 cze |
| 040 |
|
|
|a ZLD002
|b cze
|
| 041 |
0 |
|
|a cze
|b cze
|b eng
|
| 043 |
|
|
|a e-xr---
|
| 072 |
|
7 |
|a 658
|x Řízení a správa podniku
|2 Konspekt
|9 4
|
| 080 |
|
|
|a 17:658
|2 MRF
|
| 080 |
|
|
|a 005.346
|2 MRF
|
| 080 |
|
|
|a 004+621.39
|2 MRF
|
| 080 |
|
|
|a (437.3)
|2 MRF
|
| 080 |
|
|
|a (043.3)378.245
|2 MRF
|
| 100 |
1 |
|
|a Přibyl, Milan,
|d 1962-
|7 ola2014825487
|4 dis
|
| 245 |
1 |
0 |
|a Etika a její role v řízení vztahu se zákazníkem
|h [rukopis] :
|b disertační práce : Ethics and its role in customer relationship management /
|c Milan Přibyl ; školitel Zdeněk Dytrt
|
| 246 |
3 |
1 |
|a Ethics and its role in customer relationship management
|
| 260 |
|
|
|c 2013
|
| 300 |
|
|
|a 158 s. :
|b il. ;
|c 25 cm
|
| 490 |
1 |
|
|a Disertační práce
|
| 500 |
|
|
|a Studijní obor: management a ekonomika
|
| 500 |
|
|
|a Částečně tištěno napříč
|
| 502 |
|
|
|a Disertace (PhD.)--Univerzita Tomáše Bati ve Zlíně, Fakulta managementu a ekonomiky, 2013
|
| 504 |
|
|
|a Obsahuje bibliografii
|
| 546 |
|
|
|a České a anglické resumé
|
| 650 |
0 |
7 |
|a manažerská etika
|7 ph115761
|z Česko
|2 czenas
|
| 650 |
0 |
7 |
|a řízení vztahů se zákazníky
|7 ph118187
|z Česko
|2 czenas
|
| 650 |
0 |
7 |
|a informační a komunikační technologie
|7 ph752781
|z Česko
|2 czenas
|
| 650 |
0 |
9 |
|a business ethics
|z Czechia
|2 eczenas
|
| 650 |
0 |
9 |
|a customer relationship management
|z Czechia
|2 eczenas
|
| 650 |
0 |
9 |
|a information and communication technology
|z Czechia
|2 eczenas
|
| 655 |
|
7 |
|a doktorské disertace
|7 fd186751
|2 czenas
|
| 655 |
|
9 |
|a higher doctoral dissertations
|2 eczenas
|
| 700 |
1 |
|
|a Dytrt, Zdeněk,
|d 1930-
|7 jk01030273
|4 ths
|
| 710 |
2 |
|
|a Univerzita Tomáše Bati ve Zlíně.
|b Fakulta managementu a ekonomiky
|7 kn20010709196
|
| 810 |
2 |
|
|a Univerzita Tomáše Bati ve Zlíně.
|t Disertační práce
|
| 910 |
|
|
|a ZLD002
|
| 952 |
|
|
|0 0
|1 0
|4 0
|6 KPŘIBYLM
|7 0
|8 MANUS
|9 129966
|a UTBZL
|b UTBZL
|c 001
|d 2014-09-29
|i 66259
|l 0
|o K/PŘIBYL,M.
|p 420010155191
|r 2019-08-26 00:00:00
|v 100.00
|w 2019-08-26
|x N:povinný výtisk; | 20100430
|y 12
|
| 992 |
|
|
|a BK
|c vs
|
| 999 |
|
|
|c 73609
|d 73609
|
| 993 |
|
|
|x NEPOSILAT
|y VSKP
|